000 00223nam a2200085Ia 4500
008 120527s9999 xx 000 0 und d
100 _aSTIKELEATHER,F.Larry
245 _aOperatora seats for Agricultural equipment
942 _cBK
999 _c25191
_d25191